| 000 | 00460nam a2200133 4500 | ||
|---|---|---|---|
| 999 |
_c592 _d592 |
||
| 050 | _aS587.5 | ||
| 100 | _aAbrol, Y P | ||
| 245 |
_aNitrogen, soils, physiology, biochemistry, microbiology, genetics. _cY P Abrol |
||
| 260 |
_aNew Delhi : _bIndian National Science Academy, _c[1993] |
||
| 300 |
_a285 pages ; _c25 cm |
||
| 500 | _aINCLUDES BIBLIOGRAPHIC REFERENCE | ||
| 650 |
_aNitrogen fertilizers. _aNitrogen in agriculture. _xCrops and Nitrogen. |
||
| 942 | _cBK | ||